LEADER 01111nam0-2200373---450 001 990008604230403321 005 20210517125130.0 010 $a978-0-89118-162-0 010 $a0-89118-162-8 035 $a000860423 035 $aFED01000860423 035 $a(Aleph)000860423FED01 035 $a000860423 100 $a20080122d2007----km-y0itay50------ba 101 0 $aeng 102 $aUS 105 $aa-------001yy 200 1 $aIrrigation of agricultural crops$fco-editors, R.J. Lascano, R.E. Sojka 205 $a2nd ed. 210 $aMadison$cAmerican Society of Agronomy$cCrop Science Society of America$cSoil Science Society of America$d2007 215 $aXXIII, 664 p.$cill.$d24 cm 225 1 $aAgronomy$v30 610 0 $aIrrigazione 676 $a631.7$v20$zita 676 $a631.587$v23$zita 702 1$aLascano,$bRobert J. 702 1$aSojka,$bRobert E. 801 0$aIT$bUNINA$gRICA$2UNIMARC 901 $aBK 912 $a990008604230403321 952 $a60 631.587 LASR 2007$b11087$fFAGBC 959 $aFAGBC 996 $aIrrigation of agricultural crops$9712486 997 $aUNINA LEADER 05459nam 2200805 450 001 9910460814003321 005 20200917021826.0 010 $a3-11-041768-5 010 $a3-11-041777-4 024 7 $a10.1515/9783110417685 035 $a(CKB)3710000000519837 035 $a(EBL)4338465 035 $a(SSID)ssj0001497079 035 $a(PQKBManifestationID)12543498 035 $a(PQKBTitleCode)TC0001497079 035 $a(PQKBWorkID)11488669 035 $a(PQKB)11560792 035 $a(MiAaPQ)EBC4338465 035 $a(DE-B1597)450264 035 $a(OCoLC)934646018 035 $a(DE-B1597)9783110417685 035 $a(Au-PeEL)EBL4338465 035 $a(CaPaEBR)ebr11146708 035 $a(CaONFJC)MIL888848 035 $a(OCoLC)935921646 035 $a(EXLCZ)993710000000519837 100 $a20160212h20152015 uy 0 101 0 $ager 135 $aur|n|---||||| 181 $ctxt 182 $cc 183 $acr 200 00$aBilddenkma?ler zur germanischen Go?tter- und Heldensage /$fherausgegeben von Wilhelm Heizmann, Sigmund Oehrl 210 1$aBerlin, Germany ;$aBoston, [Massachusetts] :$cDe Gruyter,$d2015. 210 4$d©2015 215 $a1 online resource (571 p.) 225 1 $aErga?nzungsba?nde zum Reallexikon der Germanischen Altertumskunde,$x1866-7678 ;$vBand 91 300 $aDescription based upon print version of record. 311 $a3-11-040733-7 320 $aIncludes bibliographical references at the end of each chapters and index. 327 $tFrontmatter -- $tVorwort -- $tInhaltsverzeichnis -- $tEinleitung -- $tFünfzig Jahre nach Joachim Werner: Überlegungen zur kaiserzeitlichen Kunst -- $tDas adventus-Motiv auf dem langen Horn von Gallehus (1639) -- $tTiere, Götter, Wirkungsmacht Völkerwanderungszeitliche Goldhalskragen und die germanische Mythologie -- $tA Christian ?fingerprint? on 6th century south Scandinavian iconography? -- $tBild und Bildträger während der Vendelzeit Probleme und Möglichkeiten der Deutung von Bildern aus einer Kultur mit mündlicher Überlieferung -- $tMöglichkeiten der Neulesung gotländischer Bildsteine und ihre ikonographische Auswertung ? Ausgewählte Beispiele und Perspektiven -- $tZur Deutung der Pressblechscheiben von Eschwege-Niederhone Gr. 17 -- $tQuid Wielandus cum Christo? Zum Verständnis der Frontplatte von Franks Casket -- $tThe Case of the Headless Body: A Note on the Iconography of Sigurd and Wayland in Viking Age England -- $tDie Positionierung von Gesichtsdarstellungen auf vendel- und wikingerzeitlichen Bildträgern ? ein Schlüssel zum Verständnis ihrer Funktion? -- $tGunnarr Gjúkason and images of snake-pits -- $tHeroic images on runestones in the context of commemoration and communication -- $tPicture-stone workshops on Viking Age Gotland ? a study of craftworkers? traces -- $tPaganes und Christliches in der Vierbeinerikonographie der schwedischen Runensteine -- $tRegister 330 $aIm vorliegenden Band werden erstmals die wichtigsten ikonographischen Quellen zur germanischen Mythologie und Heldensage auf aktuellem Forschungsstand vorgestellt und diskutiert. Schwerpunkte liegen auf den Möglichkeiten der Interpretation sowie neuen technischen Verfahrung zur Autopsie und Bilddokumentation. Räumlich werden dabei insbesondere Skandinavien, aber auch England und Deutschland einbezogen, der zeitliche Rahmen wird von der Römischen Kaiserzeit und der späten Wikingerzeit markiert. Zu den hier behandelten Denkmälern gehören kaiserzeitliche Bilddarstellungen wie die Zierscheiben von Torsberg, die völkerwanderungszeitlichen Goldhalskragen und Goldhörner von Gallehus, die gotländischen Bildsteine, vendelzeitliche Pressbleche und Goldfolien, das angelsächsische Bilder- und Runenkästchen von Auzon (Franks Casket) sowie wikingerzeitliche Runen- und Bildsteine. 330 $aThe authors present the most important iconographic sources for German mythology and heroic legends and discuss the latest research. A focus is on interpretation and on new technical methods for autopsy and visual documentation. The geographic scope includes Scandinavia, England, and Germany; the time frame extends from the period of the Roman Empire to the late Viking Age. 410 0$aErga?nzungsba?nde zum Reallexikon der germanischen Altertumskunde ;$vBand 91. 606 $aMythology, Germanic$xHistory$xSources$vCongresses 606 $aMythology, Germanic, in art$xResearch$vCongresses 606 $aHeldensage$xHistory and criticism$vCongresses 606 $aHeroes in art$xResearch$vCongresses 606 $aArt, Ancient$xHistory$vCongresses 606 $aArt, Medieval$xHistory$vCongresses 607 $aGermany$xAntiquities$vCongresses 607 $aScandinavia$xAntiquities$vCongresses 607 $aEngland$xAntiquities$vCongresses 608 $aElectronic books. 615 0$aMythology, Germanic$xHistory$xSources 615 0$aMythology, Germanic, in art$xResearch 615 0$aHeldensage$xHistory and criticism 615 0$aHeroes in art$xResearch 615 0$aArt, Ancient$xHistory 615 0$aArt, Medieval$xHistory 676 $a293/.211 702 $aHeizmann$b Wilhelm 702 $aOehrl$b Sigmund 801 0$bMiAaPQ 801 1$bMiAaPQ 801 2$bMiAaPQ 906 $aBOOK 912 $a9910460814003321 996 $aBilddenkma?ler zur germanischen Go?tter- und Heldensage$92408412 997 $aUNINA LEADER 03587nam 22006495 450 001 9910298405003321 005 20200702092818.0 010 $a3-319-77495-6 024 7 $a10.1007/978-3-319-77495-4 035 $a(CKB)3850000000032741 035 $a(MiAaPQ)EBC5448095 035 $a(DE-He213)978-3-319-77495-4 035 $a(PPN)229505236 035 $a(EXLCZ)993850000000032741 100 $a20180705d2018 u| 0 101 0 $aeng 135 $aurcnu|||||||| 181 $ctxt$2rdacontent 182 $cc$2rdamedia 183 $acr$2rdacarrier 200 10$aAcute Neuronal Injury $eThe Role of Excitotoxic Programmed Cell Death Mechanisms /$fedited by Denson G. Fujikawa 205 $a2nd ed. 2018. 210 1$aCham :$cSpringer International Publishing :$cImprint: Springer,$d2018. 215 $a1 online resource (212 pages) 311 $a3-319-77494-8 327 $aIntroduction -- Excitotoxic programmed cell death involves caspase-independent mechanisms -- To survive or to die: how neurons deal with it -- Oxidative damage mechanisms in traumatic brain injury and antioxidant neuroprotective approaches -- Mitochondrial damage in traumatic CNS injury -- Neuroprotective agents target molecular mechanisms of programmed cell death after traumatic brain injury -- Involvement of apoptosis-inducing factor (AIF) in neuronal death following cerebral ischemia -- Apoptosis-inducing factor translocation to nuclei after transient global ischemia -- Necroptosis in cerebral ischemia -- Histological and elemental changes in ischemic stroke -- Hypoglycemic brain damage -- Activation of caspase-independent programmed pathways in seizure-induced neuronal necrosis -- Conclusion. 330 $aAn overview of the biochemical mechanisms that produce acute nerve cell death in the brain. Covers injuries and disorders including stroke, brain and spinal cord trauma, hypoglycemic coma, and prolonged epileptic seizures. All of these lead to high concentrations of calcium in nerve cells which, in turn, causes degradation of cytoplasmic proteins, cleavage of nuclear DNA, and eventually cell death. The Second Edition contains 11 thoroughly updated chapters and 3 additional chapters that did not appear in the previous edition. 606 $aNeurosciences 606 $aNeurology 606 $aPathology 606 $aCytology 606 $aNeurobiology 606 $aPsychiatry 606 $aNeurosciences$3https://scigraph.springernature.com/ontologies/product-market-codes/B18006 606 $aNeurology$3https://scigraph.springernature.com/ontologies/product-market-codes/H36001 606 $aPathology$3https://scigraph.springernature.com/ontologies/product-market-codes/H4800X 606 $aCell Biology$3https://scigraph.springernature.com/ontologies/product-market-codes/L16008 606 $aNeurobiology$3https://scigraph.springernature.com/ontologies/product-market-codes/L25066 606 $aPsychiatry$3https://scigraph.springernature.com/ontologies/product-market-codes/H53003 615 0$aNeurosciences. 615 0$aNeurology. 615 0$aPathology. 615 0$aCytology. 615 0$aNeurobiology. 615 0$aPsychiatry. 615 14$aNeurosciences. 615 24$aNeurology. 615 24$aPathology. 615 24$aCell Biology. 615 24$aNeurobiology. 615 24$aPsychiatry. 676 $a616.8 702 $aFujikawa$b Denson G$4edt$4http://id.loc.gov/vocabulary/relators/edt 906 $aBOOK 912 $a9910298405003321 996 $aAcute Neuronal Injury$92522653 997 $aUNINA